000 00829nam a2200217 i 4500
001 153313
003 ES-MaACL
005 20250829064108.0
008 931025s1786 po |||| | por d
100 1 _aCouto, Diogo do.
_941324
245 1 0 _aDa Asia de Diogo de Couto
_b: dos feitos que os portuguezes fizeram na conquista e descubrimento das terras e mares do Oriente : decada nona.
260 _aLisboa :
_bna Regia Officina Typografica,
_c1786.
300 _a[6], 291 p. ;
_c8º.
500 _aContinuación de Da Asia de João de Barros.
597 _aSign.: [ ]3, A-S8, T2.
597 _aPort. con esc. xil.
650 0 7 _aDescubrimientos geográficos portugueses
_2embne
_911832
700 1 _aBarros, João de,
_d1496-1570
_926048
852 _aES-MaACL
_jR-1973
_z-- Enc. hol.
999 _c153313
_d153313